000 00862 am a2200265Ka 4500
001 200426859
003 TR-AnTOB
005 20240808145319.0
008 170529s2017 tu a 000 0 tur u
020 _a9786059554046
040 _aTR-AnTOB
_beng
_cTR-AnTOB
_erda
041 _atur
050 _aDS51.K3
_bN57 2017
090 _aDS51.K3
_bN57 2017
111 _9117755
_a3 Nisan 1937'den Bugüne Karabük Paneli
_n(1st :
_d2017 :
_cKarabük, Turkey)
245 _a3 Nisan 1937'den bugüne Karabük. /
_ceditor : Özcan Büyükgenç.
264 _aKarabük :
_bKarabük Üniversitesi Yayınları,
_c2017.
300 _a196 pages :
_billustrations.
_c24 cm
336 _2rdacontent
_atext
337 _2rdamedia
_aunmediated
338 _2rdacarrier
_avolume
651 0 _aKarabük (Turkey)
_xHistory
_963035
942 _2lcc
_cBK
999 _c200426859
_d44783